000
00294nam a22001337a 4500
008
181012b xxu||||| |||| 00| 0 eng d
020
_a
0801602629
041
_a
eng
080
_2
3rd
_a
617
100
_a
8
101
_a
OFT
245
_a
Diseases of the Cornea
_c
Arffa,R.C
942
_2
udc
_c
BK
999
_c
49489
_d
49489